Ensayos históricos (Record no. 29427)

MARC details
000 -LEADER
campo de control de longitud fija 00694nam a2200193 i 4500
001 - NÚMERO DE CONTROL
campo de control 29427
003 - IDENTIFICADOR DE NÚMERO DE CONTROL
campo de control ES-MaACL
005 - FECHA Y HORA DE LA ÚLTIMA TRANSACCIÓN
campo de control 20230909063106.0
007 - CAMPO FIJO DE DESCRIPCIÓN FÍSICA--INFORMACIÓN GENERAL
campo de control de longitud fija t|
008 - DATOS DE LONGITUD FIJA--INFORMACIÓN GENERAL
campo de control de longitud fija 030121s1941 sp ||||1| spa d
100 1# - ENTRADA PRINCIPAL--NOMBRE DE PERSONA
Nombre de persona Ballesteros Beretta, Antonio,
Fechas asociadas al nombre 1880-1949
9 (RLIN) 25050
245 10 - MENCIÓN DEL TÍTULO
Título Ensayos históricos
Resto del título : (de los tiempos de Isabel y Fernando) /
Mención de responsabilidad, etc. Antonio Ballesteros Beretta y M. Gaibrois.
260 ## - PUBLICACIÓN, DISTRIBUCIÓN, ETC.
Lugar de publicación, distribución, etc. Madrid :
Nombre del editor, distribuidor, etc. Edics. Históricas,
Fecha de publicación, distribución, etc. 1941.
300 ## - DESCRIPCIÓN FÍSICA
Extensión 147 p. ;
Dimensiones 19 cm.
651 ## - PUNTO DE ACCESO ADICIONAL DE MATERIA--NOMBRE GEOGRÁFICO
Nombre geográfico España-
Subdivisión general Historia-
Subdivisión cronológica 1474-1516, Reyes Católicos.
9 (RLIN) 8222
700 1# - ENTRADA AGREGADA--NOMBRE PERSONAL
Nombre de persona Gaibrois de Ballesteros, Mercedes,
Fechas asociadas al nombre 1891-1960
9 (RLIN) 53243
852 ## - LOCALIZACIÓN
Ubicación ES-MaACL
Número de control de estantería E-4172
Sublocalización o colección R.18915
Holdings
Estatus retirado Estado de pérdida Estado de daño No para préstamo Biblioteca de origen Biblioteca actual Ubicación en estantería Fecha de adquisición Fuente de adquisición Total de préstamos Signatura topográfica completa Código de barras Visto por última vez Precio de reemplazo Tipo de ítem Koha
        Biblioteca del Ateneo de Madrid Biblioteca del Ateneo de Madrid Depósito 2 17/01/2008     E-4172 1030380 23/02/2023 23/02/2023 Libro impreso